Campeões Campeonato Paranaense - Statistics

Estatísticas Gerais
  • Esse quiz foi jogado 729 vezes
  • A pontuação média é 12 de 19
Estatísticas das Respostas
TItulos Resposta Time Extinto % Correto
39 Titulos Coritiba
100%
7 Titulos Paraná
94%
27 Titulos Athletico Paranaense
92%
1 Titulo(ano: 1980) Cascavel ___cavel
92%
5 Titulos Londrina
91%
1 Titulo(ano: 2015) Operário
85%
2 Titulos Pinheiros ___nheiros
83%
3 TItulos Maringá
80%
1 Titulo(ano: 1980) Colorado ____rado
78%
1 Titulo(ano: 1915) Internacional ____cional
64%
3 Titulos Palestra Itália ____ Itália
61%
7 Titulos Britania ___tânia
48%
1 Titulo(ano: 2007) Paranavaí
43%
1 Titulo(ano: 1967) Aguá Verde ___ Verde
40%
1 Titulo(ano: 1917) América Paraná América _____
38%
1 Titulo(ano: 2002) Iraty
28%
8 Titulos Ferroviario
27%
1 Titulo(ano: 1955) Monte Alegre
13%
1 Titulo(ano: 1961) Comercial
11%
Nenhum quiz correspondente encontrado
Distribuição das Pontuações
Porcentagem de Pessoas com Cada Pontuação
Percentil de Números Respondidos
Sua Pontuação Histórica
Você não jogou esse quiz